MDQL
is popping MORE tags! Check the
thread
!
Quizzes
Events
Quiz Creation
Community
Videos
Private Events
Remove Ads
Sign In
Join for FREE
Feedback
Dark Mode
Quiz Categories
Sports
Geography
Music
Movies
Television
Just For Fun
Miscellaneous
History
Literature
Language
Science
Gaming
Entertainment
Religion
Holiday
For Kids
Quiz Lab
Recent
Popular Today
Quiz Kudos Today
Editor Picks
Curator Picks
Quizzes by...
Day
Popularity
Type
Ratings
Length
Year
Community
Subscriptions
Recent Discussions
Orange Saloon
Badges
Playlists
Quests
Create
Leaderboards
Showdown
Live 5
Trivia Bingo
Activity
Puzzle Library
Sporcle Events
Private Events
Virtual Trivia
Globe League
Become a Host
Pub Owners
SporcleCon
Opinionation
Our Games
Videos
Blog
Mobile Apps
Partnerships
Remove Ads and Go Orange
Feedback
Movies
Disney
Marvel Cinematic Universe
Movie Resume
Movie Titles
Oscar
Actor
Actress
Director
Pixar
Role
Movie Quotes
Movie Characters
Box Office
Nominee
Best Picture
Star Wars
James Bond
Horror Movies
Movies
Disney
Marvel Cinematic Universe
Movie Resume
Movie Titles
Oscar
Actor
Actress
Director
Pixar
Role
Movie Quotes
Movie Characters
Box Office
Nominee
Best Picture
Star Wars
James Bond
Horror Movies
Random Quiz
Search Sporcle
×
Curator Pick
Curator Pick
Movies
Clickable
Select answers by clicking on text or image buttons
Select answers by clicking on text or image buttons
Clickable
Best Score? Go Orange.
Follow That Line: Pee-Wee's Big Adventure Stats
Can you pick the line that continues the given dialogue from Pee-Wee's Big Adventure?
By
Puzzgal
12m
17 Questions
1,458 Plays
1,458 Plays
1,458 Plays
Comments
Comments
Give Quiz Kudos
Give Quiz Kudos
-
- Ratings
hide this ad
Forced Order
Answers have to be entered in order
Answers have to be entered in order
Replay
Link that replays current quiz
Next Quiz
Link to next quiz in quiz playlist
You Got
0%
They Got
Avg Score
92%
Avg Friend Score
Upgrade to see
Score Distribution
Jump to the score distribution portion of the page
Score
0/17
Timer
12:00
0
Plays Today
% Correct
Oh, really? Where are they hosing him down?
94.5%
That's my name, don't wear it out.
94.4%
I don't have to see it, Dottie. I lived it.
94.4%
I'm a loner, Dottie. A rebel.
94.2%
I know you are, but what am I?
94.2%
There's no basement at the Alamo!
94.2%
We're miles from where anyone can hear you!
93.8%
Mr. Herman, you have a telephone call at the front desk.
93.8%
I saw the worst accident I ever seen.
93.3%
% Correct
Because I don't make monkeys. I just train 'em!
93.3%
Yeah. I'm all alone. I'm rolling a big doughnut and this snake wearing a vest...
92.9%
It's just me... WITHOUT MY BIKE!
92.8%
Why? What's the significance? I DON'T KNOW!
92.4%
I love that story.
92.3%
Nobody hipped me to that, dude.
91.4%
It's like you're unraveling a big cable-knit sweater that someone keeps knitting and knitting and knitting and knitting and knitting...
90.9%
Let's talk about your 'big but'.
87.3%
Quiz Playlist
Details
Report
Send in Message
Add To Playlist
Clickable:
Select answers by clicking on text or image buttons
Forced Order:
Answers have to be entered in order
Last Updated: Jul 13, 2017
Curator Pick in
Movie Quotes
Quiz Scoreboard
CHALLENGE
Sign Up to Join the Scoreboard
Show All
Scores
Hide
Comments
May contain spoilers
Recently Published
Image Sorting: Flags VI
by Barbecue
Geography
2m
Find the 'City' Movie
by crazypaving
Movies
60s
Colored Red Africa Blitz
by spor1
Geography
45s
More to Explore
Quiz From the Vault
Featured Blog Post
14 Easter Pick-up Lines to Find Eggs With
hide this ad
You Might Also Like...
Tags
Clickable Quiz
Follow That Line Quiz
Movie Quotes Quiz
Quote Quiz
Follow
Pee-wee
Tim Burton
Today's Top Quizzes in Movies
Browse Movies
hide this ad
Today's Top Quizzes in Clickable
Browse Clickable
Top Contributed Quizzes in Movies
1
Find The 'Big' Movie
2
Find The 'Blue' Movie
3
Find The 'Wild' Movie
4
Movies By Plot
5
The ultimate James Bond movie quiz
6
Hidden Star Wars Character II
7
Pick 5 Posters: Directed by Spielberg
8
Hidden Star Wars Character III
9
Hidden Star Wars Character IV
10
25 Best Actor Nominees (1990s)
Explore More
Trending Topics
Kpop
NBA
Disney
Harry Potter
Marvel
Anime
Crossword
Puzzle
WWE
Pokémon
Song
Soccer
NFL
Country
The Office
hide this ad
More By:
Puzzgal
Quiz
Plays
Rating
Category
Featured
Created
Categorize the Countries
172,634
4.55
Geography
Mar 23, 2014
Categorize the Colors
163,376
4.51
Language
Jun 6, 2013
English Puns
132,604
4.26
Language
Dec 14, 2013
Follow That Lyric: The Sound of Music
120,145
4.42
Entertainment
Oct 25, 2012
Movie Title Missing Person
117,620
4.55
Movies
May 14, 2012
Go to Creator's Profile
Score Distribution
Quiz Creator Spotlight
Puzzgal
Follow
Send a Message
Quizzes Created
-
Created Quiz Play Count
-
More By This Creator
Popular Quizzes Today
1
Colored Red Africa Blitz
2
Find the US States - No Outlines Minefield
3
Find the 'City' Movie
4
5x2 Blitz: Bands
5
The Countries of the World
6
Find the US States
7
Find the Countries of Europe - No Outlines Minefield
8
US States
More Movies Quizzes
Oscar Nominated Performances - 1981
Quiz Lab
Trending Quizzes
Colored Red Europe Blitz I
Colored Red Europe Blitz II
Colored Red Africa Blitz II
Colored Red Europe Blitz III
Colored Red Africa Blitz III
Recently Updated
How Do You Spell That?
pecheneg
Godzilla Movies
pecheneg
Grab Bag: 4-10 Letters
pecheneg
2024 March Madness Bracket
pecheneg
Famous TV Couples
Peacemaker
Champions League XIs: Real Madrid
pecheneg
Largest US Cities 1790-2010
pecheneg
Rides in Walt Disney World
pecheneg
Most Oscar Losses (Acting)
pecheneg
Beyoncé Albums
pecheneg
Trending Topics
Crossword
Anime
Kpop
NBA
Harry Potter
Marvel
Disney
The Office
Pokémon
NFL
Song
WWE
Puzzle
Soccer
Country
Your Account Isn't Verified!
In order to create a playlist on Sporcle, you need to verify the email address you used during registration. Go to your
Sporcle Settings
to finish the process.
Report this User
Report this user for behavior that violates our
Community Guidelines
.
Details:
Send Report
Go to the Sporcle.com Mobile Site →
Comments